How to Prepare for The SAT* 1 (Record no. 198648)

000 -LEADER
fixed length control field 00329 a2200145 4500
003 - CONTROL NUMBER IDENTIFIER
control field Nust
005 - DATE AND TIME OF LATEST TRANSACTION
control field 20170207154602.0
040 ## - CATALOGING SOURCE
Transcribing agency Nust
082 ## - DEWEY DECIMAL CLASSIFICATION NUMBER
Classification number 378.1662
100 ## - MAIN ENTRY--PERSONAL NAME
Personal name Sharon Weiner
245 ## - TITLE STATEMENT
Title How to Prepare for The SAT* 1
Statement of responsibility, etc. Sharon Weiner
250 ## - EDITION STATEMENT
Edition statement 21st
260 ## - PUBLICATION, DISTRIBUTION, ETC.
Place of publication, distribution, etc. Lahore
Name of publisher, distributor, etc. Jahangir Book Depot
Date of publication, distribution, etc. 2001
300 ## - PHYSICAL DESCRIPTION
Extent 787p;
942 ## - ADDED ENTRY ELEMENTS (KOHA)
Source of classification or shelving scheme
Koha item type Book
Holdings
Withdrawn status Lost status Source of classification or shelving scheme Damaged status Not for loan Collection code Permanent Location Current Location Date acquired Total Checkouts Full call number Barcode Date last seen Price effective from Koha item type
            Military College of Signals (MCS) Military College of Signals (MCS) 12/12/2016   378.1662 SAT MCS36859 12/08/2016 12/12/2016 Book
© 2023 Central Library, National University of Sciences and Technology. All Rights Reserved.